000 00272nam a22001217a 4500
005 20250901165818.0
008 250407b |||||||| |||| 00| 0 eng d
020 _a9789966227195
245 _aFUMBO LA MAISHA
260 _aNAIROBI
_bJKF
_c2009
300 _a200
942 _2lcc
999 _c9541
_d9541